[Event "Titled Tuesday intern op 02nd Aug Early"]
[Site "Chess.com INT"]
[Date "2022.08.02"]
[Round "10"]
[White "Abdrlauf, Elham"]
[Black "Subaste, Arman"]
[Result "1-0"]
[WhiteElo "2471"]
[BlackElo "1894"]
[PlyCount "85"]
[EventDate "2022.08.02"]
[EventType "swiss (blitz)"]
[EventRounds "11"]
[EventCountry "USA"]
[SourceTitle "EXT 2023"]
[Source "ChessBase"]
[SourceDate "2022.10.05"]
[SourceVersion "1"]
[SourceVersionDate "2022.10.05"]
[SourceQuality "1"]

1. e4 d5 2. exd5 Qxd5 3. Nf3 Nf6 4. Be2 Bf5 5. 0-0 e6 6. d4 Be7 7. c4 Qd8 8. Nc3 0-0 9. Be3 Nbd7 10. Qb3 b6 11. Rad1 c6 12. h3 Bg6 13. Rd2 Qc7 14. Rc1 Rfd8 15. d5 exd5 16. cxd5 Bc5 17. d6 Qb7 18. Bxc5 Nxc5 19. Qa3 a5 20. Ne5 Be4 21. Rcd1 Bd5 22. Nxd5 cxd5 23. Bf3 Rxd6 24. Nc4 Rd7 25. Ne3 Rad8 26. b4 axb4 27. Qxb4 Nce4 28. Rd4 Qa6 29. Bxe4 dxe4 30. Rxd7 Rxd7 31. Rxd7 Nxd7 32. Qd6 Qd3 33. Nd5 Qd1+ 34. Kh2 Qa4 35. Ne7+ Kh8 36. Nc6 h6 37. Qxd7 Qxa2 38. Qe8+ Kh7 39. Ne7 f6 40. Qg6+ Kh8 41. Qxe4 Qxf2 42. Qa8+ Kh7 43. Qg8# 1-0

[Event "Titled Tuesday intern op 02nd Aug Early"]
[Site "Chess.com INT"]
[Date "2022.08.02"]
[Round "7"]
[White "Dimitrov, Atanas Valtchev"]
[Black "Subaste, Arman"]
[Result "0-1"]
[WhiteElo "2269"]
[BlackElo "1894"]
[PlyCount "140"]
[EventDate "2022.08.02"]
[EventType "swiss (blitz)"]
[EventRounds "11"]
[EventCountry "USA"]
[SourceTitle "EXT 2023"]
[Source "ChessBase"]
[SourceDate "2022.10.05"]
[SourceVersion "1"]
[SourceVersionDate "2022.10.05"]
[SourceQuality "1"]

1. Nf3 Nf6 2. c4 g6 3. Nc3 Bg7 4. g3 0-0 5. Bg2 d6 6. d4 Nc6 7. d5 Na5 8. Nd2 c5 9. 0-0 a6 10. Qc2 Rb8 11. a4 e5 12. b3 b6 13. Bb2 Ne8 14. e4 f5 15. exf5 Bxf5 16. Nce4 Nf6 17. Nxf6+ Qxf6 18. Be4 Bh6 19. Bxf5 Qxf5 20. Ne4 Nxb3 21. Qxb3 Qxe4 22. Rae1 Rf3 23. Qd1 Qf5 24. Re2 Rf8 25. Bc1 Rd3 26. Qc2 Bxc1 27. Qxc1 Qg4 28. Rb2 Rb8 29. Qc2 Qd4 30. Rfb1 Rc3 31. Qe2 Rxc4 32. Rd1 Qe4 33. Qf1 Rxa4 34. Qh3 Qf5 35. Qh6 b5 36. Qe3 Re4 37. Qa3 Ra8 38. Rxb5 axb5 39. Qxa8+ Qf8 40. Qc6 Rb4 41. Ra1 Ra4 42. Rb1 Ra5 43. Qb6 Ra2 44. Rf1 b4 45. Qb7 Qf7 46. Qb8+ Qf8 47. Qb7 Ra8 48. Rb1 Rb8 49. Qc6 Qe7 50. Qa4 Qb7 51. Qb3 Qb5 52. Rc1 Kg7 53. Qf3 Rf8 54. Qg4 Rf7 55. Qe6 Qb8 56. Qg4 b3 57. Qc4 b2 58. Rb1 Rb7 59. Kg2 Rb4 60. Qc2 Qb7 61. Qd2 c4 62. f3 Rb3 63. h4 h5 64. Qg5 Qxd5 65. Qe7+ Qf7 66. Qxd6 Qxf3+ 67. Kg1 Qxg3+ 68. Kf1 Rf3+ 69. Ke2 Qg2+ 70. Kd1 Rf1# 0-1

[Event "Titled Tuesday intern op 02nd Aug Early"]
[Site "Chess.com INT"]
[Date "2022.08.02"]
[Round "2"]
[White "Subaste, Arman"]
[Black "Derjabin, Ilja"]
[Result "1-0"]
[WhiteElo "1894"]
[BlackElo "2333"]
[PlyCount "103"]
[EventDate "2022.08.02"]
[EventType "swiss (blitz)"]
[EventRounds "11"]
[EventCountry "USA"]
[SourceTitle "EXT 2023"]
[Source "ChessBase"]
[SourceDate "2022.10.05"]
[SourceVersion "1"]
[SourceVersionDate "2022.10.05"]
[SourceQuality "1"]

1. e4 c5 2. Nf3 d6 3. d4 cxd4 4. Nxd4 Nf6 5. Nc3 a6 6. Be2 e5 7. Nb3 Be7 8. 0-0 0-0 9. Be3 b5 10. f3 Be6 11. Qd2 Nbd7 12. Rfd1 Nb6 13. Na5 Rc8 14. a3 Nc4 15. Bxc4 bxc4 16. Nb7 Qc7 17. Nxd6 Rcd8 18. Ndb5 axb5 19. Nxb5 Qb7 20. Qa5 Ra8 21. Qc7 Qxb5 22. Qxe7 Qxb2 23. a4 Rfe8 24. Qc5 Qxc2 25. Qxe5 Rxa4 26. Rac1 Qb3 27. Bd4 Ra2 28. Qg3 Nh5 29. Qg5 g6 30. g4 Qxf3 31. gxh5 Bg4 32. Rd2 Rxd2 33. Qxd2 Qxe4 34. Bc3 Bxh5 35. Re1 Qg4+ 36. Kh1 Qf3+ 37. Kg1 Rxe1+ 38. Qxe1 Qg4+ 39. Kh1 Qe6 40. Qd2 Bf3+ 41. Kg1 Qg4+ 42. Kf1 Qh3+ 43. Kg1 Bd5 44. Qb2 Qg4+ 45. Kf1 Qf5+ 46. Kg1 Qg5+ 47. Kf1 f6 48. Bxf6 Qf5+ 49. Kg1 Kf7 50. Bd4 Qg5+ 51. Kf1 Qf4+ 52. Kg1 1-0

[Event "Titled Tuesday intern op 02nd Aug Early"]
[Site "Chess.com INT"]
[Date "2022.08.02"]
[Round "9"]
[White "Subaste, Arman"]
[Black "Kevlishvili, Robby"]
[Result "1-0"]
[WhiteElo "1894"]
[BlackElo "2532"]
[PlyCount "125"]
[EventDate "2022.08.02"]
[EventType "swiss (blitz)"]
[EventRounds "11"]
[EventCountry "USA"]
[SourceTitle "EXT 2023"]
[Source "ChessBase"]
[SourceDate "2022.10.05"]
[SourceVersion "1"]
[SourceVersionDate "2022.10.05"]
[SourceQuality "1"]

1. e4 c5 2. Nf3 d6 3. c3 Nf6 4. Bd3 Nc6 5. 0-0 Bg4 6. h3 Bxf3 7. Qxf3 e6 8. Bc2 Be7 9. d3 0-0 10. Nd2 d5 11. exd5 Qxd5 12. Ne4 Rfd8 13. Bf4 Ne5 14. Nxf6+ Bxf6 15. Qxd5 Rxd5 16. Rad1 Rad8 17. Bxe5 Bxe5 18. f4 Bf6 19. Kf2 h5 20. g4 hxg4 21. hxg4 g5 22. fxg5 Bxg5 23. Kf3 Kg7 24. Rh1 b5 25. Rh5 Bf6 26. Rdh1 Kf8 27. Rxd5 exd5 28. Rh5 Ke7 29. Bb3 c4 30. Bc2 a6 31. d4 b4 32. Ba4 bxc3 33. bxc3 Rd6 34. g5 Bg7 35. Rh7 Kf8 36. Rh2 Rb6 37. Kf4 Rb1 38. Bc6 Rf1+ 39. Kg4 Rg1+ 40. Kh5 f6 41. g6 Ke7 42. Re2+ Kd6 43. Be8 f5 44. Bf7 f4 45. Rf2 Rh1+ 46. Kg5 Bh6+ 47. Kf6 Rg1 48. Rh2 Bf8 49. Kf5 f3 50. Rf2 Rg2 51. Rxf3 Rxa2 52. Rg3 Rf2+ 53. Kg4 a5 54. Rh3 a4 55. Rh8 Ke7 56. Bxd5 a3 57. Bxc4 a2 58. Rh7+ Kf6 59. Ra7 Kxg6 60. Rxa2 Rxa2 61. Bxa2 Kf6 62. Kf4 Ba3 63. Ke4 1-0

[Event "Titled Tuesday intern op 03rd May Early"]
[Site "Chess.com INT"]
[Date "2022.05.03"]
[Round "8"]
[White "Martin Carmona, Gaston Manuel"]
[Black "Subaste, Arman"]
[Result "0-1"]
[WhiteElo "2302"]
[BlackElo "1894"]
[PlyCount "78"]
[EventDate "2022.05.03"]
[EventType "swiss (blitz)"]
[EventRounds "11"]
[EventCountry "USA"]
[SourceTitle "CBM 208 Extra"]
[Source "ChessBase"]
[SourceDate "2022.07.31"]
[SourceVersion "1"]
[SourceVersionDate "2022.07.31"]
[SourceQuality "1"]

1. d4 Nf6 2. c4 g6 3. Nc3 Bg7 4. e4 d6 5. Nf3 0-0 6. Be2 e5 7. dxe5 dxe5 8. Qxd8 Rxd8 9. Bg5 Re8 10. Nd5 Nxd5 11. cxd5 c6 12. Bc4 cxd5 13. Bxd5 Nc6 14. h3 Nb4 15. 0-0-0 Nxd5 16. Rxd5 Be6 17. Rb5 b6 18. Kb1 f6 19. Be3 Bc4 20. Rb4 Bd3+ 21. Ka1 Bf8 22. Rb3 Bxe4 23. Re1 Rac8 24. Rc3 Rxc3 25. bxc3 Ba3 26. Bc1 Bxf3 27. Bxa3 Bxg2 28. h4 Rd8 29. Be7 Rd2 30. Bxf6 e4 31. Bd4 Kf7 32. Rg1 Bf3 33. Rg5 Rd1+ 34. Kb2 Rh1 35. Rd5 e3 36. Rd7+ Ke6 37. Rd8 e2 38. Re8+ Kd5 39. Re5+ Kd6 0-1

[Event "Titled Tuesday intern op 03rd May Early"]
[Site "Chess.com INT"]
[Date "2022.05.03"]
[Round "2"]
[White "Subaste, Arman"]
[Black "Shohat, Yotam"]
[Result "0-1"]
[WhiteElo "1894"]
[BlackElo "2331"]
[PlyCount "46"]
[EventDate "2022.05.03"]
[EventType "swiss (blitz)"]
[EventRounds "11"]
[EventCountry "USA"]
[SourceTitle "CBM 208 Extra"]
[Source "ChessBase"]
[SourceDate "2022.07.31"]
[SourceVersion "1"]
[SourceVersionDate "2022.07.31"]
[SourceQuality "1"]

1. d4 Nf6 2. Nf3 g6 3. Bf4 Bg7 4. Nbd2 0-0 5. e3 d5 6. h3 c5 7. c3 cxd4 8. exd4 Nc6 9. Bd3 Bf5 10. Bxf5 gxf5 11. 0-0 e6 12. Ne5 Ne4 13. f3 Nxd2 14. Qxd2 Nxe5 15. Bxe5 Bxe5 16. dxe5 Kh8 17. Qh6 Rg8 18. f4 Rg6 19. Qh5 Qb6+ 20. Rf2 Rag8 21. Kf1 Qe3 22. Re1 Qd3+ 23. Ree2 Qd1+ 0-1

[Event "Titled Tuesday intern op 03rd May Early"]
[Site "Chess.com INT"]
[Date "2022.05.03"]
[Round "4"]
[White "Toncheva, Nadya"]
[Black "Subaste, Arman"]
[Result "0-1"]
[WhiteElo "2228"]
[BlackElo "1894"]
[PlyCount "94"]
[EventDate "2022.05.03"]
[EventType "swiss (blitz)"]
[EventRounds "11"]
[EventCountry "USA"]
[SourceTitle "CBM 208 Extra"]
[Source "ChessBase"]
[SourceDate "2022.07.31"]
[SourceVersion "1"]
[SourceVersionDate "2022.07.31"]
[SourceQuality "1"]

1. e4 g6 2. d4 Bg7 3. c4 d6 4. Nc3 Nc6 5. Be3 e5 6. d5 Nce7 7. Bd3 f5 8. exf5 Nxf5 9. Nf3 Nxe3 10. fxe3 Bh6 11. Qe2 Nf6 12. 0-0 0-0 13. h3 Qe7 14. Nd2 Bd7 15. Nde4 Nh5 16. b4 Qh4 17. Kh2 Nf6 18. Nxf6+ Rxf6 19. Rxf6 Qxf6 20. Rf1 Qg5 21. Ne4 Qe7 22. c5 Rf8 23. cxd6 cxd6 24. Rf3 a6 25. Qf2 Rxf3 26. Qxf3 Kg7 27. g4 b6 28. Kg3 a5 29. bxa5 bxa5 30. h4 Kg8 31. Qf6 Bf8 32. a3 Bc8 33. Bb5 Bb7 34. Bc6 Ba6 35. g5 Bd3 36. Qxe7 Bxe7 37. Nc3 Bd8 38. Kf3 Bb6 39. Nb5 Bc5 40. Nc7 Bxa3 41. Ne8 Bc2 42. Nc7 Bc5 43. Na6 Bb4 44. Ke2 Bb3 45. Kd3 Be1 46. h5 gxh5 47. Be8 h4 0-1

[Event "Titled Tuesday intern op 19th Apr Early"]
[Site "Chess.com INT"]
[Date "2022.04.19"]
[Round "1"]
[White "Subaste, Arman"]
[Black "Hua, Lefong"]
[Result "0-1"]
[WhiteElo "1894"]
[BlackElo "2305"]
[PlyCount "84"]
[EventDate "2022.04.19"]
[EventType "swiss (blitz)"]
[EventRounds "11"]
[EventCountry "USA"]
[SourceTitle "EXT 2023"]
[Source "ChessBase"]
[SourceDate "2022.10.05"]
[SourceVersion "1"]
[SourceVersionDate "2022.10.05"]
[SourceQuality "1"]

1. d4 Nf6 2. Nf3 g6 3. c4 Bg7 4. Nc3 0-0 5. g3 d6 6. Bg2 Nc6 7. 0-0 a6 8. h3 Rb8 9. a4 a5 10. e3 e5 11. b3 Re8 12. Bb2 h5 13. Rc1 e4 14. Ng5 Bf5 15. Ba3 Nb4 16. Bxb4 axb4 17. Na2 Nd7 18. h4 c5 19. dxc5 dxc5 20. Qc2 Qe7 21. Rcd1 Bh6 22. Nh3 Ne5 23. Nc1 Nd3 24. Ne2 Rbd8 25. Kh2 Rd7 26. Nhf4 Red8 27. Nd5 Rxd5 28. cxd5 Rxd5 29. Qc4 Rd8 30. Nc1 Bg7 31. Nxd3 exd3 32. e4 Be6 33. Qb5 d2 34. Qe2 Bc3 35. Rb1 Rd4 36. Rfd1 c4 37. bxc4 Bxc4 38. Qe3 Rd3 39. Qf4 Ba2 40. Ra1 Bxa1 41. Rxa1 d1R 42. Rxd1 Rxd1 0-1

[Event "Titled Tuesday intern op 19th Apr Early"]
[Site "Chess.com INT"]
[Date "2022.04.19"]
[Round "7"]
[White "Subaste, Arman"]
[Black "Toncheva, Nadya"]
[Result "0-1"]
[WhiteElo "1894"]
[BlackElo "2212"]
[PlyCount "164"]
[EventDate "2022.04.19"]
[EventType "swiss (blitz)"]
[EventRounds "11"]
[EventCountry "USA"]
[SourceTitle "EXT 2023"]
[Source "ChessBase"]
[SourceDate "2022.10.05"]
[SourceVersion "1"]
[SourceVersionDate "2022.10.05"]
[SourceQuality "1"]

1. d4 Nf6 2. Nf3 e6 3. g3 c5 4. Bg2 Be7 5. 0-0 0-0 6. c4 cxd4 7. Nxd4 a6 8. Nc3 Qc7 9. b3 Nc6 10. Bb2 d6 11. Rc1 Nxd4 12. Qxd4 Bd7 13. Rfd1 Rac8 14. e3 Qb8 15. Ne4 Bc6 16. Nxd6 Rcd8 17. c5 Bxg2 18. Kxg2 b6 19. b4 Ne8 20. Qg4 Bxd6 21. cxd6 Rxd6 22. Be5 Qb7+ 23. Qf3 Qxf3+ 24. Kxf3 Rxd1 25. Rxd1 f6 26. Bd4 Nc7 27. Bxb6 Nd5 28. Bc5 Rb8 29. a3 Rb5 30. e4 Nc3 31. Rd6 a5 32. Rxe6 axb4 33. axb4 Na2 34. Re8+ Kf7 35. Re7+ Kg6 36. h4 Nxb4 37. h5+ Kh6 38. Be3+ g5 39. g4 Nc6 40. Re6 Ne5+ 41. Kg3 Kg7 42. Re7+ Kg8 43. Re6 Kf7 44. Ra6 Rb1 45. Ra7+ Kg8 46. f3 Rb3 47. Kf2 Nd3+ 48. Ke2 Ne5 49. h6 Rb2+ 50. Bd2 Nc4 51. Rg7+ Kh8 52. Rd7 Kg8 53. Kd1 Rb1+ 54. Kc2 Rf1 55. Rg7+ Kf8 56. Rxh7 Rf2 57. Rd7 Nxd2 58. Rxd2 Rxf3 59. Rh2 Kg8 60. h7+ Kh8 61. Kd2 Rf4 62. Ke3 Rxg4 63. Kd4 Rf4 64. Kd5 g4 65. Rg2 Kxh7 66. e5 Rf5 67. Ke6 Rxe5+ 68. Kxf6 Re4 69. Kf7 Kh6 70. Kf6 Rf4+ 71. Ke5 Kg5 72. Ra2 Rf8 73. Ra7 Re8+ 74. Kd4 g3 75. Rg7+ Kf4 76. Rf7+ Kg4 77. Rg7+ Kf3 78. Rf7+ Kg2 79. Ra7 Kh2 80. Ra2+ g2 81. Rb2 Kh1 82. Rb1+ g1Q+ 0-1

[Event "Olongapo City Puregold op-B"]
[Site "Olongapo City"]
[Date "2015.11.18"]
[Round "4"]
[White "Subaste, Arman"]
[Black "Rivera, Jessica"]
[Result "1-0"]
[WhiteElo "1890"]
[BlackElo "1666"]
[PlyCount "91"]
[EventDate "2015.11.17"]
[EventType "swiss"]
[EventRounds "9"]
[EventCountry "PHI"]
[SourceTitle "EXT 2017"]
[Source "ChessBase"]
[SourceDate "2016.10.25"]
[SourceVersion "1"]
[SourceVersionDate "2016.10.25"]
[SourceQuality "1"]

1. d4 e6 2. Nf3 d5 3. g3 c5 4. Bg2 Nc6 5. 0-0 Nf6 6. c4 Be7 7. cxd5 Nxd5 8. Nc3 Nxc3 9. bxc3 0-0 10. e4 Bd7 11. Rb1 Na5 12. Ne5 Bc8 13. Be3 f6 14. Nf3 Nc4 15. Bc1 Qc7 16. Bh3 Rd8 17. Qe2 Na5 18. Be3 b6 19. Rfd1 Bd7 20. Bf4 e5 21. Bxd7 exf4 22. Be6+ Kh8 23. Nh4 g6 24. Qg4 Bf8 25. gxf4 Bh6 26. Ng2 Nb7 27. Bd5 Rxd5 28. exd5 Nd6 29. Qe6 Re8 30. Qh3 Nf5 31. dxc5 Qxc5 32. d6 Rd8 33. d7 Qc6 34. Qd3 Bf8 35. Qd5 Qc7 36. Qf7 Bc5 37. Qxf6+ Kg8 38. Qe6+ Kf8 39. Ne3 Qxf4 40. Qf6+ Kg8 41. Qxd8+ Kg7 42. Nxf5+ gxf5 43. Qg8+ Kxg8 44. d8Q+ Kg7 45. Qd7+ Kf6 46. Qc6+ 1-0